Mildmay Line stations - Statistics

General Stats
  • This quiz has been taken 106 times
  • The average score is 22 of 28
Answer Stats
Answer % Correct
Highbury & Islington
95%
Stratford
92%
Richmond
89%
Camden Road
86%
Hackney Central
86%
Hackney Wick
86%
Clapham Junction
84%
Gospel Oak
84%
Hampstead Heath
84%
Kew Gardens
84%
Willesden Junction
84%
Dalston Kingsland
81%
Finchley Road & Frognal
81%
Gunnersbury
81%
Canonbury
78%
Imperial Wharf
78%
Brondesbury
76%
Caledonian Road & Barnsbury
76%
Homerton
76%
Kensington (Olympia)
76%
Kentish Town West
76%
West Hampstead
76%
Brondesbury Park
73%
South Acton
73%
West Brompton
73%
Acton Central
70%
Kensal Rise
70%
Shepherd's Bush
70%
No matching quizzes found
Score Distribution
Percent of People with Each Score
Percentile by Number Answered
Your Score History
You have not taken this quiz